Regulatory Bargaining & Public Law (Record no. 620191)

MARC details
000 -LEADER
fixed length control field 01046nam a2200193 4500
008 - FIXED-LENGTH DATA ELEMENTS--GENERAL INFORMATION
fixed length control field 260428b |||||||| |||| 00| 0 eng d
020 ## - INTERNATIONAL STANDARD BOOK NUMBER
ISBN 9780521838924
Paper back/Hardbound hbk
041 ## - LANGUAGE CODE
Language code of text/sound track or separate title eng
082 ## - DEWEY DECIMAL CLASSIFICATION NUMBER
Classification number 343.7309 ROS
100 ## - MAIN ENTRY--AUTHOR NAME
Personal name Rossi,Jim
245 ## - TITLE STATEMENT
Title Regulatory Bargaining & Public Law
Statement of responsibility, etc Jim Rossi
260 ## - PUBLICATION, DISTRIBUTION, ETC. (IMPRINT)
Place of publication United States
Name of publisher Cambridge University Press0.0.
300 ## - PHYSICAL DESCRIPTION
Number of Pages 274p. :
Dimensions 25cm.
490 ## - SERIES STATEMENT
Volume number/sequential designation
504 ## - BIBLIOGRAPHY, ETC. NOTE
Bibliography, etc Includes index
650 ## - SUBJECT ADDED ENTRY--TOPICAL TERM
Topical Term Military, tax, trade & industrial law
942 ## - ADDED ENTRY ELEMENTS (KOHA)
Koha item type English Books
Holdings
Withdrawn status Lost status Damaged status Not for loan Home library Current library Shelving location Date acquired Full call number Accession Number Price effective from Koha item type
        Anna Centenary Library Anna Centenary Library 4TH FLOOR, A WING 28.07.2010 343.7309 ROS 105799 28.04.2026 English Books

Find us on the map